| 000 | 00900nam a2200229Ia 4500 | ||
|---|---|---|---|
| 003 | OSt | ||
| 005 | 20250627112237.0 | ||
| 008 | 191128t1983 sp er 000 p spa d | ||
| 020 | _a8475360211 | ||
| 040 |
_aCO-JMCR _cCO-JMCR |
||
| 041 | _aspa | ||
| 082 | 0 | 4 |
_aA-P _bDANd |
| 100 | 1 |
_aDante, Alighieri, _d1265-1321 _eautor _98763 |
|
| 245 | 1 | 3 |
_aLa divina comedia / _cDante alighieri |
| 250 | _aPrimera edición | ||
| 260 |
_aBarcelona : _bLibros rio nuevo, _c©1983 |
||
| 300 |
_a654 páginas _c19 cm. |
||
| 500 | _aIncluye datos biográficos del autor en solapa | ||
| 520 | _aPoco se sabe de la vida de l Dante. De este hombre de vida modesta, errante y agobiado de tristezas, nadie se tomo el trabajo de registrar los echos mientras vivió,. Quizá el único legado que nos ha quedado de él sea La divina comedia y el retrato | ||
| 650 | 1 | 4 |
_aPoesía mediaval italiana _98764 |
| 942 |
_2ddc _cBK |
||
| 999 |
_c4171 _d4171 |
||